| 000 | 00853nam a2200253Ia 4500 | ||
|---|---|---|---|
| 003 | OSt | ||
| 005 | 20221005112846.0 | ||
| 006 | a|||||r|||| 00| 0 | ||
| 007 | ta | ||
| 008 | 221004b |||||||| |||| 00| 0 pan d | ||
| 020 | _c250 | ||
| 024 | _a96256 | ||
| 037 |
_b213, 31/12/2008, H.K. Prakashan _cTextual |
||
| 040 |
_aCRL _cCRL _bpan |
||
| 041 |
_2pan _apan |
||
| 082 | _aO153,1NHU1w, P7 | ||
| 100 | _aਹੁੰਦਲ, ਹਰਭਜਨ ਸਿੰਘ | ||
| 245 | 0 | _aਨਗ਼ਰਬੰਦੀ ਦੇ ਦਿਨ | |
| 260 |
_aਦਿੱਲੀ _bਐਚ ਕੇ ਪ੍ਰਕਾਨ ਭਾਰਤ _c2007 |
||
| 300 |
_a176ਪੰ _ccm. |
||
| 650 | _aਪੰਜਾਬੀ ਸਾਹਿਤ | ||
| 942 |
_hO153,1NHU1w, P7 _cTEXL _2cc |
||
| 999 |
_c1026210 _d1026210 |
||